Guess the song from Devito by text - Statistics

General Stats
  • This quiz has been taken 26 times
  • The average score is 9 of 24
Answer Stats
Text Song % Correct
Jure me kuje egzotične kada sam mrtav pijan To me ne dotiče, samo mi ona prija Svemir
95%
Moji, moji prsti, prsti klize po njoj Prave melodije, pijem viski, ne znam broj Vudu
95%
A kako si mi slatka kad te vidim ljutu Nemoj da se ljutiš, znaš da ne bih drugu Tu tu tu
91%
Ona mene pali, kurve su mi tu Al' mi ljubav fali, ona rola vu’ Uh
86%
Ti bi, ti bi da ti dam, al' ti bi htela sve Imaš dobar plan, htela bi da zezaš se Marina
82%
Ova mala tu se vrti, bacila je oko na mene Na kajle, dizajnere Omadjijala
77%
Ništa ispod tri soma konja Od malena hit mi je lova Acrobatico
64%
Nema veze što je verena Mladi Rimac, vozim te kô Nevera Roze
59%
Za nju separe, za nju flaša sto Za nju dajem sve, ijoj, joj, joj Koji kralj
50%
U ruci volan od sto hiljada Da mogu s tobom da se vozim miljama Magican cvet
36%
Glasno rolam kuš, kuš, kuš, kuš Pucaj jako, push, push, push, Nepogresivo
32%
Izgleda mi ljuto kô Naruto, ali je dupe zategnuto Voli zlato, samo žuto, sve sam ribe zbog nje šutô Fantasia
27%
Ja sam rođen '95, imam kila devet pet Nemam samo jedan Merc, u garaži bleje pet Mili mili
27%
A kada prođem džipom gradom, sve bruji Na meni Gucci, a na njoj sve je Louis Verna
18%
Moja mala je problem, šesto konja Range Rover Gola šalje mi snimak, slatka mala, top model Drip drip
14%
Kad me vide kažu: "O ne! Ide problem!" Nosim samo brze gilje, znači sport wear Lila
14%
Avion, pitaju je l' avion Kad proletim 150 s dve starlete kabriom Tamperamento
14%
Torba puna, boom-boom njena bulja Mlad, lep, skup sat, BG, lud grad 25 milja
5%
Samo niklovano jebeš MMA Imaš problem, tebra, sa mnom? Jebi ga GTA
5%
Slatka mala, vrlina joj svaka mana Vrelina u klubu kada prođe, prava vatra Rame
5%
Non-stop gori Instagram zbog nje Kad je pijana, story, na stolu Moët Alal vera
0%
Zna da meni money, money, money je sve Gola leži mami, mami broji mi keš Hit (remix)
0%
A rekla mi je "Hoću Gucci haljinu na sebi" Papiri što ti treba, nije bitno kolkô vredi Niko nece
0%
Usporim kada puca žvaka Da, na torbi to je marka Obama (remix)
0%
No matching quizzes found
Score Distribution
Percent of People with Each Score
Percentile by Number Answered
Your Score History
You have not taken this quiz